000 01054nam0a22002771 4500
001 rc\2573140
005 20250623113137.0
035 _a(NLR Aleph) 006737842
090 _a5612489
_c5612489
100 _a20110914d1928 |||y0rusy50 ca
101 0 _arus
102 _aRU
105 _ay z |||||
200 1 _aСемь английских юмористов...
_fПеревод Е. Толкачева
210 _a[Харьков]
_cПролетарий
_d[1928]
_g2-я тип. изд-ва "Пролетарий"
215 _a142, [2] с.
_d18 см.
300 _aЗагл. обл.: Английский юмор
300 _aДжером К. Джером, В. В. Джекобс, Барри Пэн, Ф. Анстэй, П.-Д. Водхауз, Р. Киплинг, Ф. Бейли
300 _a2-й экз. деф.: отсутствует обл..
512 0 _aАнглийский юмор
702 1 _aТолкачев
_bЕ.
_4730
801 0 _aRU
_bNLR
_gpsbo
801 1 _aRU
_bELAR
_2rusmarc
852 _aNLR
_j58/85
942 _cBOOK
980 _aNB